000 00970nam0a22002531 4500
001 rc\483908
005 20030616173131.8
035 _a(NLR Aleph) 005726482
090 _a7533861
_c7533861
100 _a20030616d1988 u |0rusy50 ca
101 0 _arus
102 _aRU
105 _ay |||||||||
200 1 _aОЦЕНКА безопасности движения на автомобильных дорогах
_f[Подгот.: к. т. н. О.А. Дивочкин и др.]
210 _aМ.
_cЦБНТИ Минавтодора РСФСР
_d1988
215 _a60 с.
_d20
225 1 _aАвтомобильные дороги
_eОбзор. информ.
_fМ-во автомоб. дорог РСФСР. ЦБНТИ
_vВып. 5
320 _aБиблиогр.: с. 50-59
702 1 _aДивочкин
_bО. А.
_gОлег Александрович
_4570
801 0 _aRU
_bNLR
_gpsbo
801 1 _aRU
_bELAR
_2rusmarc
852 _aNLR
_jП10/3973
942 _cBOOK
980 _aNB